Το έθνος ; το έθνος και ο διεθνισμός ; μια κοινωνιολογική αποτίμηση του μπολσεβικισμού

Αποθηκεύτηκε σε:
Λεπτομέρειες βιβλιογραφικής εγγραφής
Κύριος συγγραφέας: Mauss, Marcel, 1872-1950
Άλλοι συγγραφείς: Παραδέλλης, Θεόδωρος (Μεταφραστής)
Μορφή: Βιβλίο
Γλώσσα:Greek
Δημοσίευση: Αθήνα : Εκδόσεις του Εικοστού Πρώτου, 2019.
Σειρά:21ος παράλληλος
Θέματα:
Ετικέτες: Προσθήκη ετικέτας
Δεν υπάρχουν, Καταχωρήστε ετικέτα πρώτοι!

MARC

LEADER 00000cam a2200000 a 4500
001 1/124524
008 220318s2019####gr ||||||| |||| ||gre||
020 |a 9786185118433 
040 |a GR-MyUa  |b gre  |c GR-MyUa  |e AACR2 
041 1 |a gre 
082 7 |a 320.54  |2 (23) 
100 1 |a Mauss, Marcel,   |d 1872-1950. 
245 1 3 |a Το έθνος ;   |b το έθνος και ο διεθνισμός ; μια κοινωνιολογική αποτίμηση του μπολσεβικισμού /   |c μετάφραση - επιστημονική επιμέλεια - εισαγωγή Θεόδωρος Παραδέλλης.  
260 |a Αθήνα :   |b Εκδόσεις του Εικοστού Πρώτου,   |c 2019.  
300 |a 219 σ. ;   |c 21 εκ.  
490 1 |a (21ος παράλληλος) 
500 |a Τίτλοι πρωτοτύπων : La nation - La nation et l' internationalisme - Socialisme et bolchevisme και appreciation sociologique du bolchevisme.  
650 0 |a Nationalism  |x History. 
700 1 |a Παραδέλλης, Θεόδωρος,  |e trl 
740 3 |a Το έθνος και ο διεθνισμός 
740 0 |a Μια κοινωνιολογική αποτίμηση του μπολσεβικισμού 
830 0 |a 21ος παράλληλος 
852 |a INST  |b LESVOS  |e 20220318  |h 320.54 MAU  |p 005100064370  |q 005100064370  |t BK  |y 0 
922 |a 1ΕΛΗ  |b 2022-02  |c Κεντρική Υπηρεσία Βιβλιοθήκης  |d Χατζηδανιήλ 
970 |a Δημάκη  |b Μαρία  |z 18-03-2022